000 01697nas a2200277Ia 4500
001 R261-R4308
003 IT-CnALBA
008 170116c99999999xx |||||||||||| ||und||
040 _aIT-CnALBA
_cIT-CnALBA
041 _aITALIANO
100 _aBELLINI ENZO
210 _aLA SCUOLA CATTOLICA
222 _aLA SCUOLA CATTOLICA
245 0 _aLA SCUOLA CATTOLICA. RIVISTA TEOLOGICA. LUGLIO-AGOSTO 1974
250 _a1a ed.
260 _a VARESE
_bLA TIPOG. VARESE SOC. AN. ED.
_c1974 [1° Ed.:1974 - Ed.Ling.Originale: 1974]
300 _a164 p.
310 _aBIMESTRALE
362 _aFascicolo: 4 / Anno: 102 (1974)
500 _aA S. AMBROGIO NEL XVI CENTENARIO DELL'ORDINAZIONE EPISCOPALE. GROUZEL H. FONTI PRENICENE DELLA DOTTRINA DI S. AMBROGIO SULLA RISURREZIONE DEI MORTI. LETTURA GLOBALE SULL'INCARNAZIONE. BATTESIMO E CONFERMAZIONE IN S. AMBROGIO. PERONI C. AMICIZIA E MISTERO CRISTIANO NELLA TEOLOGIA DI S. AMBROGIO. TETTAMANZI DIONIGI, VALORI CRISTIANI DEL MATRIMONIO. HANSSENS M.G. MASSIMO IL VISIGOTO. RIMOLDI A. RECENTI STUDI DI S. AMBROGIO.
501 _aSocietà San Paolo EM - Piazza San Paolo, 14 - 12051 ALBA (CN) (non commercial uses only) ® Copyright 2017
520 _aA S. AMBROGIO NEL XVI CENTENARIO DELL'ORDINAZIONE EPISCOPALE. GROUZEL H. FONTI PRENICENE DELLA DOTTRINA DI S. AMBROGIO SULLA RISURREZIONE DEI MORTI. LETTURA GLOBALE SULL'INCARNAZIONE. BATTESIMO E CONFERMAZIONE IN S. AMBROGIO. PERONI C. AMICIZIA E MISTERO CRISTIANO NELLA TEOLOGIA DI S. AMBROGIO. TETTAMANZI DIONIGI, VALORI CRISTIANI DEL MATRIMONIO. HANSSENS M.G. MASSIMO IL VISIGOTO. RIMOLDI A. RECENTI STUDI DI S. AMBROGIO.
650 _aSCIENZE RELIGIOSE
942 _cCR
957 _71
999 _a14362
_bNO
_g1
_c322320
_d322320